Statistics for Countries With Nuclear Power

Click here to take the quiz!

General Stats

  • This quiz has been taken 402 times
  • The average score is 25 of 33

Answer Stats

OperatingUnder ConstructionCountry% Correct
1005United States
99%
581France
98%
160United Kingdom
97%
2128China
94%
3310Russia
94%
90Germany
93%
216India
93%
482Japan
93%
21Brazil
91%
190Canada
90%
70Spain
87%
20Mexico
86%
234South Korea
85%
30Argentina
84%
10Iran
83%
34Pakistan
82%
100Sweden
81%
152Ukraine
79%
20South Africa
78%
41Finland
74%
10Netherlands
73%
70Belgium
70%
22Romania
66%
50Switzerland
63%
02Belarus
61%
40Hungary
60%
21Bulgaria
56%
42Slovakia
56%
62Taiwan
53%
60Czech Republic
51%
10Slovenia
45%
04United Arab Emirates
36%
10Armenia
22%

Score Distribution

Percentile by Number Answered

Percent of People with Each Score

Your Score History

You have not taken this quiz